000 00434nam a22001577a 4500
999 _c258600
_d258599
003 OSt
005 20200622104838.0
008 200622b xxu||||| |||| 00| 0 eng d
020 _a9780323036887
040 _cN/A
100 _aSharon L.Lewis et al
245 _aMedical Surgical Nursing
_bAssessment and Management of Clinical Problems
250 _aSeventh Edition
260 _aNew York
_bMosby Elsevier
_c2007
942 _2lcc
_cBK